Reagrupamiento matemático en tercer grado: escenarios alternativos para enseñar y aprender / (Registro nro. 32457)
[ vista simple ]
| 000 -CABECERA | |
|---|---|
| campo fijo de control de longitud | 01280nab a2200241 4500 |
| 003 - IDENTIFICADOR DEL NÚMERO DE CONTROL | |
| campo de control | AR-RoBPED |
| 005 - FECHA Y HORADE LA ULTIMA TRANSACCION | |
| campo de control | 20260320112108.0 |
| 008 - ELEMENTOS DE LONGITUD FIJA--INFORMACION GENERAL | |
| campo fijo de control de longitud | 260320b |||||||| |||| 00| 0 spa d |
| 040 ## - FUENTE CATALOGADORA | |
| Centro catalogador/agencia de origen | AR-RoBPED |
| 041 ## - IDIOMA | |
| Código de idioma para texto/pista de sonido o título independiente | spa |
| 100 1# - ENCABEZAMIENTO PRINCIPAL--AUTOR PERSONAL | |
| Nombre de persona | Rodríguez, Paula |
| 9 (RLIN) | 15438 |
| Función | Profesora de Educación Primaria |
| 245 1# - TITULO | |
| Título | Reagrupamiento matemático en tercer grado: escenarios alternativos para enseñar y aprender / |
| 260 ## - PUBLICACION | |
| Lugar | Buenos Aires : |
| Editor | Noveduc, |
| Fecha | 2025 |
| 300 ## - DESCRIPCION FISICA | |
| Extensión | 16-19 p. |
| 500 ## - NOTA GENERAL | |
| Nota general | Se presenta una experiencia sostenida de reagrupamiento matemático en tercer grado, desarrollada desde hace seis años en una escuela primaria. A partir del reconocimiento de la heterogeneidad como condición del aula, se propone una reorganización flexible de los cursos en función de los modos de conocer y los conocimientos previos, manteniendo una consigna común con variables didácticas adaptadas a cada grupo. |
| 650 #7 - TERMINO DE MATERIA--CONTROLADO | |
| Término controlado | NIVEL PRIMARIO |
| 9 (RLIN) | 18876 |
| Término controlado | EXPERIENCIA PEDAGOGICA |
| 9 (RLIN) | 3265 |
| Término controlado | ESCUELA |
| 9 (RLIN) | 20136 |
| Término controlado | ENSEÑANZA DE LAS MATEMATICAS |
| 9 (RLIN) | 818 |
| 773 0# - DOCUMENTO FUENTE | |
| Host Biblionumber | 20414 |
| Host Itemnumber | 41863 |
| Place, publisher, and date of publication | Buenos Aires : Noveduc, 1993- |
| Título | Novedades Educativas |
| Record control number | (AR-RoBPED)20414 |
| International Standard Serial Number | 03283534 |
| 942 ## - ELEMENTOS KOHA | |
| Fuente de clasificación | Universal Decimal Classification |
| Koha tipo de ítem | Revistas |
| Clasificación | 37(05) |
| Signatura librística | Nov 86 N° 403(Ago.2025) |
| Número Koha | k.32457 |
| 945 ## - PROCESAMIENTO DE LA INFORMACIÓN LOCAL | |
| Catalogador y fecha | mar 03/2026 |
No hay ítems disponibles.